Device - to - device (D2D) communications in cellular networks / (رقم التسجيلة. 47022)

تفاصيل مارك
000 -LEADER
fixed length control field 01461cam a2200265 a 4500
003 - CONTROL NUMBER IDENTIFIER
control field EG-GiCUC
005 - DATE AND TIME OF LATEST TRANSACTION
control field 20250223031030.0
008 - FIXED-LENGTH DATA ELEMENTS--GENERAL INFORMATION
fixed length control field 140825s2013 ua h f m 000 0 eng d
040 ## - CATALOGING SOURCE
Original cataloging agency EG-GiCUC
Language of cataloging eng
Transcribing agency EG-GiCUC
041 0# - LANGUAGE CODE
Language code of text/sound track or separate title eng
049 ## - LOCAL HOLDINGS (OCLC)
Holding library Gift
097 ## - Thesis Degree
Thesis Level M.Sc
099 ## - LOCAL FREE-TEXT CALL NUMBER (OCLC)
Classification number Cai01.34.M.Sc.2013.En.D
100 0# - MAIN ENTRY--PERSONAL NAME
Personal name Engy Moustafa Aly Maher
245 10 - TITLE STATEMENT
Title Device - to - device (D2D) communications in cellular networks /
Statement of responsibility, etc. Engy Moustafa Aly Maher ; Supervised Khaled Shawky Hassan
260 ## - PUBLICATION, DISTRIBUTION, ETC.
Place of publication, distribution, etc. Cairo :
Name of publisher, distributor, etc. Engy Moustafa Aly Maher ,
Date of publication, distribution, etc. 2013
300 ## - PHYSICAL DESCRIPTION
Extent 80 Leaves :
Other physical details facsimiles ;
Dimensions 30cm
502 ## - DISSERTATION NOTE
Dissertation note Thesis (M.Sc.) - German University - Faculty of Postgraduate Studies and Scientific Research - Department of Communications
520 ## - SUMMARY, ETC.
Summary, etc. Device - to - device (D2D) communications between user equipments (UEs) that lead to effecient reuse of radio resources is likely to become integral to the future 5G standards. In such a D2D system. UEs do not necessary communicate via evolved Node Base station (eNB): however, they are allowed to communicate directly with each other. On the one hand, this underlying communication structure offers a short yet, fast communication links that permits to offload the network increase the capacity and extend the cellular coverage
700 0# - ADDED ENTRY--PERSONAL NAME
Personal name Khaled Shawky Hassan ,
Relator term
856 ## - ELECTRONIC LOCATION AND ACCESS
Uniform Resource Identifier <a href="http://172.23.153.220/th.pdf">http://172.23.153.220/th.pdf</a>
905 ## - LOCAL DATA ELEMENT E, LDE (RLIN)
Cataloger Nazla
Reviser Revisor
905 ## - LOCAL DATA ELEMENT E, LDE (RLIN)
Cataloger Samia
Reviser Cataloger
942 ## - ADDED ENTRY ELEMENTS (KOHA)
Source of classification or shelving scheme Dewey Decimal Classification
Koha item type Thesis
المقتنيات
Source of classification or shelving scheme Not for loan Home library Current library Date acquired Full call number Barcode Date last seen Koha item type
Dewey Decimal Classification   المكتبة المركزبة الجديدة - جامعة القاهرة قاعة الثقاقات الاجنبية - الدور الثالث 11.02.2024 Cai01.34.M.Sc.2013.En.D 01010110063587000 05.07.2024 Thesis
Cairo University Libraries Portal Implemented & Customized by: Eng. M. Mohamady Contacts: new-lib@cl.cu.edu.eg | cnul@cl.cu.edu.eg
CUCL logo CNUL logo
© All rights reserved — Cairo University Libraries
CUCL logo
Implemented & Customized by: Eng. M. Mohamady Contact: new-lib@cl.cu.edu.eg © All rights reserved — New Central Library
CNUL logo
Implemented & Customized by: Eng. M. Mohamady Contact: cnul@cl.cu.edu.eg © All rights reserved — Cairo National University Library